| 000 | 01048nam0a2200277 4500 | ||
|---|---|---|---|
| 001 | RU\NLR\BIBL_A\010887543 | ||
| 005 | 20250624194513.0 | ||
| 010 |
_a978-5-7670-2396-7 _9500 |
||
| 021 |
_aRU _b2015-74400 _94483 |
||
| 035 | _a(NLR Aleph) 010887543 | ||
| 090 |
_a10534276 _c10534276 |
||
| 100 | _a20151111d2015 |||y0rusy50 ca | ||
| 101 | 0 | _achv | |
| 102 | _aRU | ||
| 105 | _ay z 000 y | ||
| 200 | 1 |
_aПурçăн кўлě вăрттăнлăхě _eпьесăсем _fЛевтина Марье |
|
| 210 |
_aШупашкар _cЧǎваш кěнеке изв-ви _d2015 |
||
| 215 |
_a311,[1] с. _d21 |
||
| 300 | _aВ вып. дан. авт.: Левтина Марье (Нестерова Алевтина Никитична) | ||
| 541 | 1 |
_aТайна шелкового озера _eпьесы _zrus |
|
| 686 | 1 | _aШ6(2=Чув)7-6 | |
| 700 | 1 |
_4070 _7ca _8rus _aМарье _bЛ. _f1945- _gЛевтина _9228126 _3RU\NLR\AUTH\770228182 |
|
| 852 |
_aNLR _bОНЛ _jЧув./3-4147 |
||
| 942 | _cBOOK | ||
| 980 | _aNB | ||